LEADER 01204nam--2200409---450- 001 990000662380203316 005 20091116145900.0 010 $a88-14-02498-7 035 $a0066238 035 $aUSA010066238 035 $a(ALEPH)000066238USA01 035 $a0066238 100 $a20011003d1990----km-y0itay0103----ba 101 $aita 102 $aIT 105 $a||||||||001yy 200 1 $aBiotecnologie, novità vegetali e brevetti$fGustavo Ghidini, Sandro Hassan 210 $aMilano$cGiuffré$d1990 215 $a193 p.$d23 cm 410 $12001 461 1$1001-------$12001 606 0 $aGenetica vegetale 676 $a581.15 700 1$aGHIDINI,$bGustavo$0120268 702 1$aHASSAN,$bSandro 801 0$aIT$bsalbc$gISBD 912 $a990000662380203316 951 $aXXII.1.F. 68 (IRA 34 10)$b69526 EC$cXXII.1.F. (IRA)$d00244796 959 $aBK 969 $aECO 979 $aPATTY$b90$c20011003$lUSA01$h0944 979 $c20020403$lUSA01$h1715 979 $aPATRY$b90$c20021125$lUSA01$h1232 979 $aPATRY$b90$c20040406$lUSA01$h1646 979 $aRSIAV1$b90$c20091116$lUSA01$h1459 996 $aBiotecnologie novita vegetali e brevetti$9681913 997 $aUNISA LEADER 00830nam--2200325---450 001 990001523530203316 005 20210326092054.0 035 $a000152353 035 $aUSA01000152353 035 $a(ALEPH)000152353USA01 035 $a000152353 100 $a20040322d1966----km-y0itay0103----ba 101 $aita 102 $aIT 105 $a||||||||001yy 200 1 $aChi gioca solo$fDanilo Dolci 210 $aTorino$cEinaudi$d1966 215 $a334 p.$d22 cm 225 2 $aSaggi$v390 410 0$12001$aSaggi$v390 454 1$12001 461 1$1001-------$12001 700 1$aDOLCI,$bDanilo$032100 801 0$aIT$bsalbc$gISBD 912 $a990001523530203316 951 $aX.3.B.6(Varie coll. 2 / 390)$b20605 L.M.$cVARIE COLL 959 $aBK 969 $aUMA 996 $aChi gioca solo$9939428 997 $aUNISA